[Event "3rd Yerevan Open-A 2021"]
[Site "Yerevan"]
[Date "2021.10.18"]
[Round "5.11"]
[White "Gharibyan, Mamikon"]
[Black "Mahdavi, Reza"]
[Result "1/2-1/2"]
[WhiteElo "2471"]
[BlackElo "2124"]
[Annotator "TA"]
[PlyCount "116"]
[EventDate "2021.10.14"]
[EventType "swiss"]
[EventCountry "ARM"]
[SourceTitle "playchess.com"]
[Source "ChessBase"]
[SourceQuality "1"]

{[%evp 16,116,54,32,39,5,31,35,36,25,58,58,69,51,55,42,64,67,81,88,84,94,105,26,16,10,71,71,71,74,87,104,133,73,73,74,71,73,72,68,77,72,72,68,72,36,87,16,81,81,81,81,81,81,81,81,81,81,89,81,68,8,8,8,8,8,8,-8,0,-10,8,8,17,17,17,18,299,8,8,8,14,8,8,8,8,8,8,8,8,8,8,8,8,8,8,8,8,8,8,-8,-8,-8,-8]} 1. Nf3 Nf6 2. g3 g6 3. b3 Bg7 4. Bb2 O-O 5. Bg2 d6 6. d4 Nc6 7. O-O e5 8. dxe5 Nd7 9. Nc3 dxe5 {was the old line (9...Ndxe5). A49: 1 d4 Nf6 2 Nf3 g6 3 g3: Anti-King's Indian systems.} 10. Nd2 Nb6 11. a4 a5 {White is slightly better.} 12. Nb5 f5 13. Nc4 Nxc4 {[#]} 14. Qd5+ $146 ({Predecessor:} 14. Bd5+ Kh8 15. Bxc4 Nd4 16. Ba3 Re8 17. Bf7 Re7 18. Bxe7 Qxe7 19. Bc4 c6 20. Nxd4 exd4 {1-0 (72) Cosma,E (2388)-Grabics,M (2304) Batumi 1999}) 14... Rf7 15. Qxc4 {aiming for Rad1.} e4 {[#]} 16. Rad1 $1 Qe7 17. Bxg7 Kxg7 18. f3 exf3 19. exf3 (19. Rxf3 $16 Qe5 20. Rc3) 19... Qe3+ $11 20. Rf2 Be6 (20... f4 $1 $11) 21. Qe2 $1 $16 {[%cal Re2e3]} Qxe2 22. Rxe2 Re8 23. f4 Rfe7 24. Bxc6 (24. Kf2 $142 $1) 24... bxc6 25. Nd4 Bd5 26. Rxe7+ Rxe7 {[%mdl 4096] Endgame KRB-KRN} 27. Kf2 Be4 $1 28. Rd2 Kf6 29. Ne2 Ke6 30. Ke3 Rd7 ({Black should play} 30... Re8 $14) 31. Nd4+ (31. Nc3 $16 Bd5 32. Nd1 (32. Nxd5 cxd5 33. Kf3 Kd6 $11)) 31... Kf6 (31... Ke7 $1 $11 {keeps the balance.}) 32. Nf3 Rxd2 33. Nxd2 Bxc2 {KB-KN} 34. Kd4 Ke6 {[#]} 35. Kc3 $1 {[%cal Rc3c2]} Bd1 36. Nc4 c5 37. Nxa5 Be2 38. b4 ({Better is} 38. Nc6 $14) 38... cxb4+ $11 39. Kxb4 Kd5 40. Nb3 h6 41. h4 Ke4 42. Kc3 Ke3 43. Nd4 Ba6 44. h5 {[%mdl 64] Deflection} gxh5 45. Nxf5+ Kf3 $2 {[%mdl 8192] [#]} (45... Ke4 $11 {and Black has nothing to worry.} 46. Nh4 (46. Nxh6 h4 $11) 46... c5) 46. a5 $2 ({Only move:} 46. Kd4 $1 $18) 46... c5 $1 {The position is equal.} 47. Kd2 {Threatening Kc3.} (47. Kb3 {seems wilder.} Ke4 48. Nh4 Bd3 49. Kb2 Be2 50. Kc3) 47... Ke4 $1 {[%cal Re4f5]} 48. Ng7 (48. Nh4 {with more complications.} Bb5 49. Kc3 Ba6 50. Kb2 Bb5 51. Kc1) 48... h4 {[%cal Rh4g3]} 49. gxh4 Kxf4 50. Ne6+ {[%mdl 64] Double Attack} Kg4 51. Nxc5 Bc8 52. Ke3 Kxh4 53. Kf4 h5 54. Ne4 Kh3 55. Kg5 h4 56. Nd6 Kg3 57. Ne4+ ({But not} 57. Nxc8 $2 h3 $19) 57... Kf3 {Strongly threatening ...h3.} 58. Kxh4 Kxe4 {Weighted Error Value: White=0.21/Black=0.16} 1/2-1/2

[Event "3rd Yerevan Open-A 2021"]
[Site "Yerevan"]
[Date "2021.10.18"]
[Round "5.12"]
[White "Kunal, M.."]
[Black "Davtyan, Artur"]
[Result "0-1"]
[WhiteElo "2290"]
[BlackElo "2453"]
[Annotator "TA"]
[PlyCount "72"]
[EventDate "2021.10.14"]
[EventType "swiss"]
[EventCountry "ARM"]
[SourceTitle "playchess.com"]
[Source "ChessBase"]
[SourceQuality "1"]

{[%evp 19,72,13,20,11,0,0,18,0,0,0,14,0,0,0,0,0,0,4,38,39,43,26,23,23,33,-6,-6,-6,-3,-138,-150,-145,-141,-122,-145,-208,-182,-310,-257,-229,-233,-337,-320,-468,-456,-509,-452,-529,-465,-762,-763,-1110,-1060,-29970,-29971]} 1. e4 e5 2. Nf3 Nc6 3. Bb5 a6 4. Ba4 Nf6 5. O-O Be7 6. Re1 b5 7. Bb3 d6 8. c3 O-O 9. d4 Bg4 10. Be3 Bh5 11. h3 {C91: Closed Ruy Lopez: 7...d6 8 c3 0-0 9 d4.} exd4 ({Not} 11... Nxe4 $2 12. Bd5 $18) 12. cxd4 Na5 {The main line 12...Na5 scores better than 12...d5.} ({Don't blunder} 12... Nxe4 $2 13. Bd5 $18) 13. Nbd2 {The position is equal.} Nxb3 14. axb3 Bg6 15. Bg5 Re8 {[#]} 16. Rc1 $146 ({Predecessor:} 16. Bxf6 Bxf6 17. b4 c5 18. bxc5 dxc5 19. e5 Be7 20. Nb3 c4 21. Nc1 Bb4 22. Re3 {½-½ (73) Talukdar,R (2331)-Eckert,D (2139) Montreal 2020}) 16... c5 17. e5 dxe5 18. dxc5 e4 19. Ne5 Rc8 20. Nxg6 hxg6 21. b4 Qd4 22. Qb3 {[#]} (22. Nxe4 $5 {[%cal Rd1d4]} Qxb4 {[#]} 23. Qd2 $1 Qxd2 24. Bxd2 $14) 22... Ng4 $1 {[%mdl 64] Discovered Attack} 23. Be3 Nxe3 24. Qxe3 (24. fxe3 $11 Qe5 25. Nf1) 24... Qxb4 $17 {[%cal Re7c5]} ({Inferior is} 24... Qxb2 25. Rb1 $14) 25. c6 Qxb2 26. Nxe4 Bf8 27. Qf3 (27. Qd3 $17 {was necessary.}) 27... Qe5 $19 28. h4 (28. Re3 {might work better.}) 28... Qf5 29. Qd3 Rc7 30. Re3 (30. Qg3 $142 Rcc8 31. Nd6 Rxe1+ 32. Rxe1 Bxd6 33. Qxd6) 30... Re6 31. Qd8 (31. g3 {keeps fighting.}) 31... Rcxc6 32. Rxc6 Rxc6 33. g3 Re6 34. Qa8 (34. f3 $142 b4 35. Rd3) 34... b4 35. f3 Qb5 {White must now prevent ...Qb6.} 36. Qa7 {[#]} Rxe4 $1 {Weighted Error Value: White=0.84/Black=0.07} 0-1

[Event "3rd Yerevan Open-A 2021"]
[Site "Yerevan"]
[Date "2021.10.19"]
[Round "6.1"]
[White "Narayanan.S.L"]
[Black "Daghli, Arash"]
[Result "1-0"]
[WhiteElo "2647"]
[BlackElo "2427"]
[Annotator "TA"]
[PlyCount "79"]
[EventDate "2021.10.14"]
[EventType "swiss"]
[EventCountry "ARM"]
[SourceTitle "playchess.com"]
[Source "ChessBase"]
[SourceQuality "1"]

{[%evp 26,79,25,24,24,22,28,22,50,24,25,32,25,17,53,28,45,33,50,32,66,56,55,40,43,44,72,61,58,68,206,208,210,209,201,209,195,191,196,204,200,188,186,183,199,202,201,163,210,197,167,167,757,748,701,691]} 1. d4 Nf6 2. c4 g6 3. Nc3 Bg7 4. e4 d6 5. Nf3 O-O 6. Be2 e5 7. O-O exd4 8. Nxd4 Re8 9. f3 c6 10. Kh1 Nbd7 11. Bg5 Qb6 12. Nb3 a5 13. Qd2 a4 {[#]} 14. Be3 $1 Qd8 {E94: King's Indian: Classical: 6 Be2 e5 7 0-0: Various Black 7th moves.} 15. Nd4 Nc5 16. Rab1 Nfd7 {The position is equal.} 17. Rfd1 Qa5 18. Bf1 Be5 {[#]} 19. Qf2 $146 ({Predecessor:} 19. Qc2 Qb4 20. Ncb5 Qa5 21. Nc3 Qb4 22. Nce2 Nf8 23. Qc1 Nfe6 24. Nc2 Qa5 25. Ng3 {½-½ (42) Khalifman,A (2610)-Kokarev,D (2603) Dagomys 2009}) 19... Nf8 20. Rd2 Nfe6 21. Nde2 Nf8 22. f4 Bxc3 23. Nxc3 Nxe4 24. Nxe4 Rxe4 25. Rxd6 Bg4 26. h3 $36 {[%mdl 2048] White is more active.} Rae8 27. Bd2 Qh5 {[#] This costs Black the game.} (27... Qc7 $14 28. c5 Be2) 28. Kg1 $1 $18 Be2 29. g4 Bxg4 30. hxg4 Qxg4+ 31. Qg2 Qf5 {[#]} 32. Qg5 $1 Qxg5+ 33. fxg5 Ne6 34. Bh3 Nf4 35. Bg4 {Threatens to win with Bf3.} Rxc4 36. b3 axb3 37. axb3 Rce4 38. Bf3 R4e5 (38... Ne2+ 39. Kf2 Rd4 40. Rxd4 Nxd4) 39. Bxf4 Rf5 40. Rf6 {Weighted Error Value: White=0.05/Black=0.15} 1-0

[Event "3rd Yerevan Open-A 2021"]
[Site "Yerevan"]
[Date "2021.10.19"]
[Round "6.2"]
[White "Sychev, Klementy"]
[Black "Sivuk, Vitaly"]
[Result "0-1"]
[WhiteElo "2555"]
[BlackElo "2529"]
[Annotator "TA"]
[PlyCount "112"]
[EventDate "2021.10.14"]
[EventType "swiss"]
[EventCountry "ARM"]
[SourceTitle "playchess.com"]
[Source "ChessBase"]
[SourceQuality "1"]

{[%evp 10,112,11,2,8,0,0,12,11,0,0,0,0,6,0,-23,-35,-54,-10,-19,-14,-20,-19,-32,-31,-32,-35,-35,-37,-41,-4,-37,-37,-37,-36,-36,-29,-30,-29,-29,-30,-35,-41,-38,-28,-52,-37,-43,-31,-60,-60,-68,-15,-43,-15,-33,-33,-54,-44,-37,-31,-44,-10,-9,-9,-15,-2,-192,-207,-291,-259,-277,-273,-308,-315,-325,-282,-288,-182,-291,-287,-279,-271,-239,-246,-508,-542,-539,-537,-518,-528,-525,-518,-511,-500,-640,-602,-743,-618,-730,-672,-866,-679,-705,-677]} 1. e4 e5 2. Nf3 Nc6 3. Bc4 Nf6 4. d3 Bc5 5. Nc3 h6 6. h3 a6 {C50: Hungarian Defence and Giuoco Pianissimo.} 7. Nd5 {7.Be3 is setting a new trend.} d6 8. c3 Ba7 {The position is equal.} 9. a4 Be6 10. O-O O-O {[#]} 11. Nxf6+ $146 ({Predecessor:} 11. Kh2 Bxd5 12. Bxd5 Nxd5 13. exd5 Ne7 14. c4 f5 15. Be3 c6 16. Bxa7 Rxa7 17. dxc6 bxc6 {0-1 (45) Bjelica,V (2018)-Vince,R (2099) Croatia 2014}) 11... Qxf6 12. Be3 Bxc4 13. dxc4 Ne7 14. Bxa7 Rxa7 15. Qd3 a5 16. Nd2 b6 17. Rfe1 Qe6 18. Nf1 f5 19. exf5 $1 Rxf5 20. Ng3 Rf7 21. Qe4 Ng6 22. Ne2 Qf5 23. Qxf5 Rxf5 24. Ng3 Rf8 25. Ne4 Nf4 26. Re3 Ne6 27. Kf1 Kf7 28. g3 Ke7 29. Ke2 g5 30. b3 c6 (30... Nc5 $15) 31. Nd2 Nc5 32. Rf1 Ke6 33. Ra1 Raf7 34. f3 Ra8 35. Rh1 h5 36. h4 g4 37. f4 Raf8 {Threatening ...Kd7.} 38. Rf1 $2 {[#] This move loses the game for White.} (38. Kd1 $11) 38... Kd7 $19 39. b4 (39. Kd1 {was worth a try.}) 39... exf4 40. gxf4 Ne6 ({Weaker is} 40... Nxa4 41. bxa5 bxa5 42. Ra1 $17) 41. Ne4 Nxf4+ ({Not} 41... Rxf4 42. Rd1 $17) 42. Kd2 axb4 43. cxb4 d5 44. Ng5 (44. cxd5 {was necessary.} Nxd5 {[%mdl 64] Double Attack} 45. Rxf7+ Rxf7 46. Rd3) 44... Rf5 {Strongly threatening ...Ng2.} 45. Rfe1 {If only White now had time for Re7+....} dxc4 {...Nd5 is the strong threat.} 46. Re7+ Kc8 47. Ne4 $2 {[#]} (47. Ne6 Nxe6 48. R1xe6) 47... Rd8+ {Black is clearly winning.} 48. Kc2 Nd5 49. Re6 Nxb4+ 50. Kc3 Nd5+ 51. Kxc4 Kc7 52. a5 bxa5 53. Rc1 Nb4 54. Rc3 Rdd5 55. Re7+ Kb6 56. Re8 Rfe5 {Weighted Error Value: White=0.31/Black=0.12} 0-1

[Event "3rd Yerevan Open-A 2021"]
[Site "Yerevan"]
[Date "2021.10.19"]
[Round "6.3"]
[White "Davtyan, Artur"]
[Black "Gukesh D"]
[Result "0-1"]
[WhiteElo "2453"]
[BlackElo "2640"]
[Annotator "TA"]
[PlyCount "98"]
[EventDate "2021.10.14"]
[EventType "swiss"]
[EventCountry "ARM"]
[SourceTitle "playchess.com"]
[Source "ChessBase"]
[SourceQuality "1"]

{[%evp 11,97,17,12,0,8,0,-5,-12,0,-12,-8,-26,-29,-65,-63,-196,-200,-245,-226,-204,-89,-89,-98,-97,-87,-80,-73,-94,-39,-98,-70,-71,-32,-33,42,41,43,41,63,26,25,27,56,30,25,25,42,-106,-124,-107,-114,-117,-98,-86,-84,-93,-122,-130,-122,-137,-131,-148,-148,-129,-123,-142,-109,-115,-50,-53,0,-878,-825,-2683,-2340,-29989,-29990,-29990,-29991,-29991,-29991,-29992,-29993,-29993,-29994,-29994,-29995,-29999]} 1. d4 Nf6 2. c4 e6 3. Nf3 d5 4. Nc3 Bb4 5. cxd5 exd5 6. Bg5 O-O 7. Rc1 {D38: Queen's Gambit Declined: Ragozin Defence (4 Nf3 Bb4).} h6 8. Bh4 Bf5 9. Qb3 {[#] The position is equal.} Bxc3+ $146 ({Predecessor:} 9... c5 10. dxc5 Nc6 11. a3 Ba5 12. Bxf6 Qxf6 13. Qxd5 Rad8 14. Qc4 Nd4 15. Nxd4 Rxd4 {½-½ (59) Pototschnig,M (1763)-Johnson,B (2187) ICCF email 2010}) 10. bxc3 Nbd7 11. Qxb7 c5 {...Qa5 is the strong threat.} 12. e3 c4 {[%mdl 1024] Black has compensation.} 13. Be2 (13. Bxf6 $15 Nxf6 14. Qa6) 13... Qa5 $1 $19 14. O-O Rab8 (14... Qxa2 15. Bxf6 Nxf6 16. Rfe1 $17) 15. Qc6 g5 (15... Qxa2 16. Rfe1 $17) (15... Rfc8 $19 {and Black stays clearly on top.} 16. Qd6 Ne4) 16. Nxg5 $17 (16. Bg3 $2 Rfc8 $19) 16... hxg5 17. Bxg5 Ne4 (17... Qxa2 18. Bxf6 Qxe2 19. Qxd5 $15) 18. Be7 Rfc8 19. Qh6 Qb6 (19... Qxa2 $6 20. Bh5 $11) (19... Rb2 $1 $17 {[%cal Rb2e2]} 20. Qh5 Bg6) 20. Qh4 ({Better is} 20. Qf4 $1 $15 Qg6 21. g4) 20... Qe6 21. Bb4 Qf6 22. Qf4 Qg6 (22... Qg5 $15 23. g4 Bh7) 23. g4 $14 Be6 24. f3 Nef6 {And now ...Nh5 would win.} 25. h4 Nh5 26. Qh2 f5 {[%cal Rf5g4]} 27. Qg2 (27. Kh1 $5 {[%cal Rg4h5]} Ng7 28. g5 $11) 27... fxg4 28. fxg4 Nhf6 {[%cal Re6g4]} 29. Rf4 (29. g5 $14 {is the one way to stay ahead.} a5 30. Ba3) 29... a5 $1 $36 {[%cal Ra5b4][%mdl 2048] Black is in control.} 30. Ba3 Rb1 $1 31. g5 Rxc1+ 32. Bxc1 Ne4 33. h5 Qg7 (33... Qxg5 $6 34. Bg4 $11) 34. Bg4 Re8 (34... Nxg5 $2 35. Bxe6+ Nxe6 36. Rg4 $18) 35. Bxe6+ Rxe6 36. Rf5 Nxc3 37. Bb2 Ne4 ({Stronger than} 37... Rxe3 38. Bxc3 Rxc3 39. Qxd5+ Kh8 40. Rf7 $14) 38. Rxd5 c3 39. Ba3 {[#]} Re8 ({Black should try} 39... Qf7 $1 $17 {Threatens to win with ...Re8.} 40. Qf1 {[#]} (40. g6 Qe8 $17) 40... Rf6 $1 41. gxf6 Qxd5 42. Qg2+ Qg5 43. Qxg5+ Nxg5) 40. Rxa5 $15 Nb6 (40... Qf7 $1 $15 41. g6 Qc4) 41. Ra6 $2 {[%mdl 8192]} (41. g6 $11) 41... Qb7 $19 42. Qf1 Ng3 {[%mdl 64] ( -> ...Qh1+). Double Attack, Discovered Attack} 43. Qd3 Qh1+ {[%mdl 64] Double Attack. Black mates.} 44. Kf2 Ne4+ 45. Ke2 Qg2+ 46. Ke1 {[#]} c2 $1 {[%csl Ge4][%cal Rg2f2]} 47. Qb3+ Kh8 {[%csl Ge4][%cal Rg2f2]} 48. Qf7 Qg1+ 49. Ke2 Qd1# {Weighted Error Value: White=0.55/Black=0.11} 0-1

[Event "3rd Yerevan Open-A 2021"]
[Site "Yerevan"]
[Date "2021.10.19"]
[Round "6.4"]
[White "Puranik, Abhimanyu"]
[Black "Urazayev, Arystanbek"]
[Result "1-0"]
[WhiteElo "2568"]
[BlackElo "2451"]
[Annotator "TA"]
[PlyCount "105"]
[EventDate "2021.10.14"]
[EventType "swiss"]
[EventCountry "ARM"]
[SourceTitle "playchess.com"]
[Source "ChessBase"]
[SourceQuality "1"]

{[%evp 19,105,16,16,16,16,16,16,7,10,12,8,8,15,10,8,8,14,0,12,0,24,19,25,25,36,35,95,102,62,67,75,67,73,74,91,27,37,37,83,75,88,89,77,83,72,93,89,89,249,244,284,284,421,387,355,158,238,235,256,261,258,240,589,558,5065,5080,5065,5065,5065,5065,5061,5061,2223,1678,29964,29968,29976,29978,29978,29979,29979,29980,29980,29981,29981,29982,29978,29973]} 1. c4 e6 2. Nf3 d5 3. e3 Nf6 4. b3 Be7 5. Bb2 O-O 6. Nc3 c5 7. cxd5 exd5 8. d4 Nc6 9. Be2 Ne4 10. O-O Bf6 11. Rc1 {D32: Tarrasch Defence: Sidelines and lines without g3.} cxd4 12. Nxe4 dxe4 13. Nxd4 {The position is equal.} Nxd4 14. Bxd4 Bxd4 15. Qxd4 Qxd4 16. exd4 Be6 17. f3 Rfd8 18. Rfd1 Bd5 19. Rc7 Rac8 20. Rdc1 Rxc7 21. Rxc7 $11 {[%mdl 4096] [#] Endgame KRB-KRB} g6 $146 ({Predecessor:} 21... e3 22. Kf1 g6 23. Bd3 Bc6 24. Ke2 Rxd4 25. Kxe3 Rd7 26. Rxd7 Bxd7 27. Be4 b6 {½-½ (56) Artemiev,V (2704)-Firouzja,A (2759) Chess24.com INT 2021}) 22. Kf2 Rd6 (22... exf3 $1 $14 23. Bxf3 Bxf3 24. Kxf3 (24. gxf3 Rxd4 25. a3 a5 $11) 24... Rxd4) 23. Ke3 $16 exf3 24. Bxf3 Bxf3 25. gxf3 {KR-KR} Ra6 26. d5 Kg7 27. Rc2 (27. Rxb7 $16 {Hoping for a4.} Rxa2 28. d6) 27... Kf6 28. Kd4 h5 29. Re2 Rd6 30. Kc5 Rd8 31. d6 {Threatens to win with Re7.} Rc8+ 32. Kd5 Rc1 33. Rd2 h4 $2 {This move loses the game for Black.} (33... a5 $16) 34. h3 $1 $18 Re1 35. f4 Rc1 (35... Rg1 $142 36. Rd4 Rc1) 36. b4 Re1 37. a3 (37. a4 $18 {is the precise move to win.} Rc1 38. Rd4) 37... Ra1 (37... Rc1 $16 {keeps fighting.} 38. Rd3 Rc6) 38. Ke4 $1 {Black must now prevent d7.} Re1+ 39. Kf3 $1 {aiming for d7.} Re8 40. Kg4 Rh8 (40... Rd8 {is more resistant.} 41. Kxh4 Rh8+ 42. Kg4 Ke6) 41. d7 Ke7 42. d8=Q+ Rxd8 43. Rxd8 Kxd8 44. Kxh4 {KP-KP} Ke7 45. Kg5 $1 Kf8 {[#]} 46. Kf6 $1 b5 47. f5 {White mates.} g5 48. Kxg5 Kg7 49. Kf4 Kh6 {[#]} 50. Ke4 $1 {[%cal Re4d5]} Kh5 51. Kd5 Kh4 52. Kd6 Kg5 53. Ke7 {Weighted Error Value: White=0.09/Black=0.41} 1-0

[Event "3rd Yerevan Open-A 2021"]
[Site "Yerevan"]
[Date "2021.10.19"]
[Round "6.5"]
[White "Petrosian, Tigran L."]
[Black "Tahbaz, Arash"]
[Result "1/2-1/2"]
[WhiteElo "2562"]
[BlackElo "2459"]
[Annotator "TA"]
[PlyCount "210"]
[EventDate "2021.10.14"]
[EventType "swiss"]
[EventCountry "ARM"]
[SourceTitle "playchess.com"]
[Source "ChessBase"]
[SourceQuality "1"]

{[%evp 26,210,0,0,0,-72,-82,-71,7,0,0,0,6,6,8,0,17,19,19,17,17,17,18,21,68,55,102,99,124,124,124,124,124,124,128,131,130,96,90,112,110,99,160,118,126,8,8,8,8,8,25,22,20,8,15,32,212,203,168,168,154,90,113,8,27,27,27,27,33,8,8,8,8,8,8,8,8,8,8,8,8,8,8,8,8,8,8,8,8,7,8,8,8,8,8,8,8,8,8,8,8,8,8,8,8,8,8,8,8,8,8,8,8,8,8,8,8,8,8,8,8,8,8,0,8,8,8,8,8,8,8,0,8,0,8,8,8,0,8,8,8,0,8,8,8,0,8,0,0,0,8,8,8,8,8,8,8,0,0,0,8,0,0,0,8,0,0,0,0,0,0,0,8,8,8,8,8,8,8,0,8,8,8,0,0,0,0]} 1. e4 c5 2. Nf3 g6 3. d4 cxd4 4. Nxd4 Nc6 5. Nc3 Bg7 6. Be3 Nf6 7. Bc4 O-O 8. Bb3 d6 9. f3 Bd7 10. Qd2 Nxd4 11. Bxd4 b5 12. h4 a5 13. a4 bxa4 14. Nxa4 h5 {[#] B77: Sicilian Dragon: Yugoslav Attack, 9 Bc4 sidelines.} 15. e5 $146 (15. O-O $11) ({Predecessor:} 15. Nb6 Ra6 16. Nxd7 Nxd7 17. Bxg7 Kxg7 18. Bc4 Ra8 19. Qd4+ {½-½ (19) Vachier Lagrave,M (2795)-Radjabov,T (2710) Moscow 2017}) 15... dxe5 $17 16. Bxe5 {[#]} Bf5 (16... Ne4 $1 $17 {[%cal Re4d2]} 17. fxe4 Bxe5) 17. Qxd8 Raxd8 18. Nc3 Bh6 19. O-O $36 {[%mdl 2048] Black is under pressure.} Rd2 20. Rfd1 Rfd8 21. Rxd2 Rxd2 22. Rxa5 Bxc2 23. Ra8+ Kg7 24. Bxc2 Rxc2 25. Ne4 $1 Be3+ 26. Kf1 Kh6 27. Nxf6 exf6 28. Bxf6 $16 {[%cal Ra8h8][%mdl 4096] Endgame KRB-KRB} g5 ({Not} 28... Rf2+ $2 29. Ke1 $18) 29. Ra6 Kh7 30. Bxg5 Bd4 31. b4 Rf2+ 32. Ke1 Rxg2 33. Bd2 Kg7 ({Better is} 33... f6 34. b5 Rg1+ 35. Ke2 Rb1) 34. Rd6 Bf6 {[#]} 35. b5 (35. Bh6+ $1 $16 {[%mdl 512]} Kxh6 36. Rxf6+ {[%mdl 64] Double Attack} Kg7 37. Rf4) 35... Bxh4+ $11 36. Kd1 {aiming for b6.} Bg3 $1 {[%cal Rg3d6]} 37. Bc3+ Kh7 38. Rd8 {Threatens to win with Rh8+.} h4 39. Rh8+ Kg6 40. b6 {[%cal Bb5b6,Bb6b7][%mdl 32]} Rh2 $2 (40... Rg1+ $1 $14 41. Kc2 Rg2+ 42. Kb3 Rg1) 41. b7 Bf4 42. Rg8+ $1 Kf5 {[#]} 43. Rg4 (43. Re8 $142 $1 Kg6 44. Re4) 43... Bb8 $16 {[#]} 44. Rg7 (44. Bd2 $1 $16 {Hoping for Rg8.} Rh1+ 45. Kc2) 44... Ke6 (44... h3 {seems wilder.} 45. Rxf7+ Ke6 46. Rf8 Bc7 47. Re8+ Kd7) 45. Rg8 Bf4 46. Re8+ Kd7 $1 {[%cal Rd7e8]} 47. Re5 Kc7 {...Rh1+ is the strong threat.The position is equal.} ({Don't blunder} 47... Bxe5 $2 48. Bxe5 Rb2 49. Bxb2 $18) 48. Rf5 Bg3 49. Rxf7+ Kb8 50. f4 Bxf4 51. Rxf4 {Rb4 would kill now.} Kxb7 $11 {KRB-KR} 52. Rf6 h3 53. Rh6 Rg2 54. Rxh3 Kc6 55. Bd2 Kd5 56. Kc2 Rg4 57. Be3 Kc4 58. Rf3 Rg2+ 59. Bf2 Rg4 60. Rf5 Rg2 61. Rf4+ $1 Kd5 62. Kd3 Rh2 63. Rf5+ Ke6 64. Ke4 Rg2 65. Re5+ Kd6 66. Bc5+ (66. Rd5+ {looks sharper.} Kc6 67. Rc5+ Kd6 68. Rc2 Kd7 69. Kd5) 66... Kc6 67. Be3 Rg4+ 68. Bf4 Rh4 69. Rf5 Rh1 70. Rf6+ Kb5 71. Be3 Kc4 72. Rc6+ Kb5 73. Rc5+ Kb4 74. Rc8 (74. Kd3 {is interesting.} Rh8 75. Rc7 Rb8 76. Kc2 Re8 77. Bd2+) 74... Rh4+ 75. Kd3 Kb5 76. Rc5+ (76. Kc3 {feels hotter.} Rh3 77. Rc5+ Kb6 78. Re5+ Kc6 79. Kc2) 76... Kb4 77. Rc6 Rh5 78. Rd6 Rf5 79. Kd4 Kb5 80. Kc3 Rf3 81. Kd3 (81. Rb6+ {seems wilder.} Ka5 82. Re6 Kb5 83. Re5+ Kc6 84. Kc4) 81... Rh3 (81... Kb4 {seems wilder.} 82. Rb6+ Ka3 83. Kd2 Rh3 84. Rh6 Rg3) 82. Rb6+ Ka5 83. Rb1 Rg3 84. Kd4 Ka4 85. Rb8 $1 Rg4+ 86. Kc5 Rg2 87. Kd5 Rc2 88. Bc5 Rd2+ 89. Kc6 Rc2 (89... Ra2 {is more complex.} 90. Rb4+ Ka3 91. Rb1+ Ka4 92. Rb6 Rc2) 90. Rb4+ Ka3 91. Kd5 Ka2 92. Rb8 Rd2+ 93. Kc4 {Black must now prevent Bd4.} Rc2+ 94. Kd4 (94. Kd5 {looks sharper.}) 94... Rb2 (94... Rd2+ {keeps more tension.} 95. Ke5 Re2+ 96. Kd4 Rg2 97. Ra8+ Kb3) 95. Bb4 Rh2 96. Bc3 Rh7 97. Kc4 Rc7+ 98. Kd3 {Threatening mate with Kc2.} Rh7 (98... Rf7 {with more complications.} 99. Rb2+ Ka3 100. Bd4 Rc7 101. Rh2 Kb3) 99. Kc2 $1 Rh2+ $1 100. Bd2 {[%cal Rb8a8]} Rh3 101. Rb7 Rg3 102. Rh7 Rb3 103. Ra7+ Ra3 104. Rb7 {White wants to mate with Bb4.} Rh3 105. Rb4 Ka3 {Weighted Error Value: White=0.14/Black=0.15} 1/2-1/2